| 000 | 00875 a2200241 4500 | ||
|---|---|---|---|
| 003 | Nust | ||
| 005 | 20221006144831.0 | ||
| 010 | _a 2004066005 | ||
| 020 | _a1580539688 (alk. paper) | ||
| 040 | _cNust | ||
| 082 | 0 | 0 | _a623.043,POI |
| 100 | 1 |
_aPoisel, Richard. _999332 |
|
| 245 | 1 | 0 |
_aElectronic warfare target location methods / _cRichard A. Poisel. |
| 260 |
_aBoston : _bArtech House, _cc2005. |
||
| 300 |
_axii, 272 p. : _bill. ; _c24 cm. |
||
| 440 | 0 |
_aArtech House information warfare library _997929 |
|
| 505 | _aIntroduction to Emitter Geolocation (Page-1), Triangulation (Page-13), quadratic Position-Fixing Methods (Page-139), Single-Site Location Techniques (Page-213). | ||
| 650 | 0 | _aAutomatic control. | |
| 650 | 0 |
_aAutomatic tracking. _999333 |
|
| 650 | 0 | _aElectronics in military engineering. | |
| 650 | 0 |
_aTarget acquisition. _999334 |
|
| 942 |
_2ddc _cBK |
||
| 999 |
_c175893 _d175893 |
||